LIBRARY & INFORMATION CENTRE, KCAET, TAVANUR

ONLINE PUBLIC ACCESS CATALOGUE (OPAC)

Question Bank in Food Science (Record no. 15550)

MARC details
000 -LEADER
fixed length control field 00354nam a22001457a 4500
003 - CONTROL NUMBER IDENTIFIER
control field OSt
008 - FIXED-LENGTH DATA ELEMENTS--GENERAL INFORMATION
fixed length control field 190515b ||||| |||| 00| 0 eng d
020 ## - INTERNATIONAL STANDARD BOOK NUMBER
ISBN 9789387973336
082 ## - DEWEY DECIMAL CLASSIFICATION NUMBER
Classification number 664
Item number POS/QU
100 ## - MAIN ENTRY--AUTHOR NAME
Personal name Poshadri, A
245 ## - TITLE STATEMENT
Title Question Bank in Food Science
260 ## - PUBLICATION, DISTRIBUTION, ETC. (IMPRINT)
Place of publication New Delhi
Name of publisher New India Agency
Year of publication 2019
300 ## - PHYSICAL DESCRIPTION
Number of Pages 667 p.
942 ## - ADDED ENTRY ELEMENTS (KOHA)
Koha item type Books
Holdings
Withdrawn status Lost status Damaged status Collection code Home library Current library Shelving location Date acquired Cost, normal purchase price Full call number Accession Number Koha item type
      Non-fiction KAUAET KAUAET General Stacks 15/05/2019 695.00 664 POS/QU 25767 Books
free website counter